Barron's GRE: The leader in Test Preparation (Record no. 490350)
[ view plain ]
| 000 -LEADER | |
|---|---|
| fixed length control field | 00643nam a22002057a 4500 |
| 003 - CONTROL NUMBER IDENTIFIER | |
| control field | NUST |
| 020 ## - INTERNATIONAL STANDARD BOOK NUMBER | |
| International Standard Book Number | 9781438073255 |
| 040 ## - CATALOGING SOURCE | |
| Transcribing agency | DLC |
| 082 ## - DEWEY DECIMAL CLASSIFICATION NUMBER | |
| Classification number | 378.1662 |
| Author Mark | GRE |
| 100 ## - MAIN ENTRY--PERSONAL NAME | |
| Personal name | Weiner, Sharon Green |
| 9 (RLIN) | 22977 |
| 245 ## - TITLE STATEMENT | |
| Title | Barron's GRE: The leader in Test Preparation |
| 250 ## - EDITION STATEMENT | |
| Edition statement | 20th |
| 260 ## - PUBLICATION, DISTRIBUTION, ETC. | |
| Place of publication, distribution, etc. | Rawalpindi |
| Name of publisher, distributor, etc. | Jahangir Books |
| Date of publication, distribution, etc. | 2013 |
| 300 ## - PHYSICAL DESCRIPTION | |
| Extent | viii, 599 p. |
| 490 ## - SERIES STATEMENT | |
| Series statement | Barron's Educational Series, Inc. |
| 500 ## - GENERAL NOTE | |
| General note | Includes index |
| 650 ## - SUBJECT ADDED ENTRY--TOPICAL TERM | |
| Topical term or geographic name entry element | Graduate Record Examination --Study guides. | Universities and colleges --United States --Graduate work --Examinations. |
| 9 (RLIN) | 22978 |
| 700 ## - ADDED ENTRY--PERSONAL NAME | |
| Personal name | Wolf, Ira K. |
| 9 (RLIN) | 22979 |
| 942 ## - ADDED ENTRY ELEMENTS (KOHA) | |
| Koha item type | Book |
| Source of classification or shelving scheme | |
| Withdrawn status | Lost status | Source of classification or shelving scheme | Damaged status | Not for loan | Permanent Location | Current Location | Date acquired | Total Checkouts | Full call number | Barcode | Date last seen | Date last checked out | Price effective from | Koha item type |
|---|---|---|---|---|---|---|---|---|---|---|---|---|---|---|
| School of Civil and Environmental Engineering (SCEE) | School of Civil and Environmental Engineering (SCEE) | 10/07/2019 | 2 | 378.1662 GRE | NIT-11734 | 07/01/2022 | 10/14/2020 | 10/07/2019 | Book | |||||
| School of Civil and Environmental Engineering (SCEE) | School of Civil and Environmental Engineering (SCEE) | 08/24/2021 | 2 | 378.1662 GRE | NIT-13365 | 11/11/2025 | 07/22/2025 | 08/24/2021 | Book |
